2820-大阪市浪速区(大阪府)の駅 - Statistics

General Stats
  • This quiz has been taken 28 times
  • The average score is 9 of 11
Answer Stats
Answer % Correct
新今宮
100%
今宮
100%
芦原橋
96%
JR難波
92%
なんば
88%
大国町
79%
桜川
79%
今宮戎
75%
汐見橋
75%
芦原町
58%
恵美須町
46%
No matching quizzes found
Score Distribution
Percent of People with Each Score
Percentile by Number Answered
Your Score History
You have not taken this quiz